000 01150nab a22002417a 4500
999 _c5928
_d5928
003 OSt
005 20260114010436.0
008 190605e xxu||||| |||| 00| 0 spa d
040 _cPJ
100 _95135
_aGabet, Alejandro
245 1 0 _aNaturaleza jurídica del trabajo realizado por quienes están privados de su libertad /
_cAlejandro Gabet.
260 _aCiudad Autónoma de Buenos Aires :
_bThomson Reuters La Ley,
_c2024.
300 _ap. 149-151
500 _aCita: TR LALEY AR/DOC/3037/2023.
505 _t¿Te interesa el texto completo? Solicitalo al correo: koha@justierradelfuego.gov.ar
505 _aFallo comentado: CNTrab., sala VIII ~ 02/11/2023 ~ Sindicato Unido de Trabajadores Privados de la Libertad Ambulatoria c. Ministerio de Trabajo, Empleo y Seguridad Social s/ Ley de Asoc. Sindicales.
650 0 _91316
_aDERECHO LABORAL
650 0 _91461
_aLIBERTAD SINDICAL
650 0 _91371
_aPERSONERIA GREMIAL
650 0 _91367
_aASOCIACIONES SINDICALES
773 0 _02711
_93168
_dCiudad Autónoma de Buenos Aires : Thomson Reuters La Ley, 1999-2002.
_tRevista de derecho del trabajo. Nº 1 - Enero 2024
942 _2udc
_cANA